| 000 | 01407cam a2200325 a 4500 | ||
|---|---|---|---|
| 001 | 11797945 | ||
| 005 | 20230322111546.0 | ||
| 008 | 990928s2000 nyu b 001 0 eng | ||
| 010 | _a 99049801 | ||
| 020 | _a1852332271 (alk. paper) | ||
| 040 |
_aDLC _cDLC _dDLC |
||
| 042 | _apcc | ||
| 050 | 0 | 0 |
_aQA76.87 _b.N4847 2000 |
| 082 | 0 | 0 |
_a006.32 _221 _bNOR |
| 245 | 0 | 0 |
_aNeural networks for modelling and control of dynamic systems : _ba practitioner's handbook / _cM. Nørgaard ... [et al.]. |
| 260 |
_aBerlin ; _aNew York : _bSpringer, _c2000. |
||
| 300 |
_axiv, 246 p. : _bill. _c24 cm. |
||
| 440 | 0 | _aAdvanced textbooks in control and signal processing | |
| 504 | _aIncludes bibliographical references (p. [235]-242) and index. | ||
| 650 | 0 |
_aNeural networks (Computer science) _918586 |
|
| 650 | 0 |
_aComputer simulation. _91599 |
|
| 650 | 0 | _aAutomatic control. | |
| 650 | 0 |
_aNonlinear theories. _9655 |
|
| 700 | 1 |
_aNørgaard, Magnus. _9111044 |
|
| 856 | 4 | 2 |
_3Publisher description _uhttp://www.loc.gov/catdir/enhancements/fy0816/99049801-d.html |
| 856 | 4 | 1 |
_3Table of contents only _uhttp://www.loc.gov/catdir/enhancements/fy0816/99049801-t.html |
| 906 |
_a7 _bcbc _corignew _d1 _eocip _f19 _gy-gencatlg |
||
| 942 |
_2ddc _cBK |
||
| 999 |
_c594051 _d594051 |
||